| 000 | 00350nam a2200133Ia 4500 | ||
|---|---|---|---|
| 008 | 180921t xxu||||| |||| 00| 0 eng d | ||
| 041 | _aeng | ||
| 080 |
_a621.034 _bUSE |
||
| 245 | _aDivision of radiation protection atomic energy authority Sri lanka | ||
| 300 | _a27p., 22 cm | ||
| 942 | _cBK | ||
| 999 |
_c19463 _d19463 |
||
| 003 | LK-CoDNM | ||
| 040 |
_aLK-CoDNM _dLK-CoDNM _eLK-CoDNM |
||